000
00301nam a22001337a 4500
008
170208b xxu||||| |||| 00| 0 eng d
020
_a
9780558464141
041
_a
eng
080
_a
61
100
_a
4
101
_a
SHM
245
_a
PEARSON CUSTOM HEALTH PROFESSIONS
_c
COLBERT, B.J
942
_2
udc
_c
BK
999
_c
4959
_d
4959